Namah (Record no. 24663)

MARC details
000 -LEADER
fixed length control field 00604nam a22001937a 4500
005 - DATE AND TIME OF LATEST TRANSACTION
control field 20090303102833.0
008 - FIXED-LENGTH DATA ELEMENTS--GENERAL INFORMATION
fixed length control field 090303t xxu||||| |||| 00| 0 eng d
022 ## - INTERNATIONAL STANDARD SERIAL NUMBER
International Standard Serial Number 0971-684X
037 ## - SOURCE OF ACQUISITION
Source of stock number/acquisition DPL/PUB
245 ## - TITLE STATEMENT
Title Namah
260 ## - PUBLICATION, DISTRIBUTION, ETC. (IMPRINT)
Place of publication, distribution, etc Pondicherry
Name of publisher, distributor, etc Sri Aurobindo Society
Date of publication, distribution, etc 2009-
300 ## - PHYSICAL DESCRIPTION
Extent v.
Dimensions 24 cm
310 ## - CURRENT PUBLICATION FREQUENCY
Current publication frequency Quarterly
500 ## - GENERAL NOTE
General note a monthly journal of yoga way of life
270 ## - ADDRESS
City Pondicherry
Electronic mail address namah@sriaurobindosociety.org.in
Postal code 605001
365 ## - TRADE PRICE
Price amount Rs. 150.00 per annum
942 ## - ADDED ENTRY ELEMENTS (KOHA)
Source of classification or shelving scheme Dewey Decimal Classification
Item type Periodicals
Serial record 1
Holdings
Withdrawn status Lost status Source of classification or shelving scheme Damaged status Not for loan Collection code Home library Current library Date acquired Total Checkouts Date last seen Price effective from Koha item type
    Dewey Decimal Classification   Not For Loan Non-fiction D.B.Act.Division D.B.Act.Division 03/03/2009   03/03/2009 03/03/2009 Periodicals

© Delhi Public Library
Hit Counter
free hit counter